Welcome to the Holygrace Academy Library

Please use search bar below to get started

GUNAPADAKATHAKAL BALANUM APPLEMARAVUM (Record no. 9090)

MARC details
000 -LEADER
fixed length control field 00363nam a22001337a 4500
082 ## - DEWEY DECIMAL CLASSIFICATION NUMBER
Classification number 894.812.3
Item number ESH/G
100 ## - MAIN ENTRY--AUTHOR NAME
Personal name ESHA
245 ## - TITLE STATEMENT
Title GUNAPADAKATHAKAL BALANUM APPLEMARAVUM
246 ## - VARYING FORM OF TITLE
Title proper/short title GUNAPADAKATHAKAL BALANUM APPLEMARAVUM
Remainder of title GUNAPADAKATHAKAL BALANUM APPLEMARAVUM
260 ## - PUBLICATION, DISTRIBUTION, ETC. (IMPRINT)
Place of publication SIVAKASI
Name of publisher ESHA
Year of publication 2024
300 ## - PHYSICAL DESCRIPTION
Number of Pages 16
650 ## - SUBJECT ADDED ENTRY--TOPICAL TERM
Topical Term MALAYALAM STORIES
942 ## - ADDED ENTRY ELEMENTS (KOHA)
Koha item type Books
Holdings
Withdrawn status Lost status Collection code Home library Current library Shelving location Date acquired Source of acquisition Cost, normal purchase price Full call number Accession Number Koha item type
    Fiction Main Library Main Library NEW SHELF WITH NEW ENTRY 06/05/2024 PURCHASED 40.00 894.812.3 ESH/G 13631 Books